000 01222cab a2200301 4500
001 ABS57797
008 090401t1997 xxu||||| |||| 00| 0 eng d
035 _a(Sirsi) u81347
041 _aeng
100 _aWilliams, A.
245 _aDuty calls
260 _c1997
350 _a0
490 _aEstates Gazette
_v(9739) 27 September 1997, 166-168(3)
520 _aLooks at the procedures that planning officers have to follow when reporting to planning committees. Covers the National Code of Local Government Conduct (NCLGC), the Local Government Management Board (LGMB) Code of Conduct for Local Government Employees and the Nolan Report. Also looks at procedural fairness, misfeasance in a public office and recent court developments which specifically consider the duties of a PO.
650 _aGUIDANCE
650 _aNOLAN REPORT
650 _aPLANNING COMMITTEES
650 _aPLANNING OFFICERS
650 _aR V ROCHDALE MBC EX P BROWN
650 _aR V SELBY DC EX P OXTON FARMS
650 _aR V TEESSIDE DC EX P WILLIANT MORRISON
650 _aR V WAKEFIELD MDC EX P PEARL ASSURANCE PLC
690 _aPLANNING LAW AND PRACTICE
700 _aKeen, G.
942 _n0
948 _c08/10/1997
999 _c51255
_d51255